000 01014nam0a2200241 4500
001 RU\NLR\BIBL_A\011777797
005 20260406141747.0
035 _a(NLR Aleph) 011777797
090 _a11759912
_c11759912
100 _a20180827d1940 |||y0rusy50 ca
101 0 _ache
102 _aRU
105 _ay z 000 y
200 1 _aПарти классаш йоцу социалистически юкъаралла дIахIотторехьа къийсамехь
_fИ. В. Сталин
210 _aСоьлж-ГIала
_cНохчгIалгIпачхьалкхиздат
_d1940
215 _a118,[2] с.
_d22
541 1 _aПартия в борьбе за построение бесклассового социалистического общества
_zrus
686 1 _aФ61(2)415
700 1 _8rus
_7ca
_aСталин
_bИ. В.
_f1879-1953
_gИосиф Виссарионович
_3RU\NLR\AUTH\773464
_9113460
852 _aNLR
_bОНЛ
_jЧеч./3-139
942 _cBOOK
980 _aNB